| 000 | 00499nam a2200181 4500 | ||
|---|---|---|---|
| 001 | 114035 | ||
| 003 | ES-MaACL | ||
| 005 | 20230906190049.0 | ||
| 007 | t| | ||
| 008 | 061121s1967 sp r ||||1| spa d | ||
| 100 | 1 |
_aPalmier, Leslie H. _988654 |
|
| 245 | 1 | 0 |
_aIndonesia / _cLeslie Palmier ; traducción de Carlos Maillo. |
| 250 | _a1ª ed. | ||
| 260 |
_aMadrid : _bCid, _c1967. |
||
| 300 |
_aXII, 154 p. ; _c23 cm. |
||
| 700 | 1 |
_aMaillo, Carlos. _975584 |
|
| 852 |
_aES-MaACL _jC-32273 _bR.62539 |
||
| 999 |
_c114035 _d114035 |
||